| 000 | 00435pab a2200157 454500 | ||
|---|---|---|---|
| 008 | 180718b1987 xxu||||| |||| 00| 0 eng d | ||
| 100 | _aKhan, M. Ali | ||
| 245 | _aAn extension of the second welfare theorem to economics with nonconvexities and public goods | ||
| 260 | _c1987 | ||
| 300 | _a223-41 | ||
| 362 | _aMay | ||
| 650 | _aPublic Goods | ||
| 700 | _aRajiv Vohra | ||
| 773 | _aQuarterly Journal of Economics | ||
| 909 | _a16641 | ||
| 999 |
_c16641 _d16641 |
||